Sergio Agüero Quiz - Statistics

General Stats
  • This quiz has been taken 80 times
  • The average score is 9 of 15
Answer Stats
Question Answer % Correct
Which team did Agüero play for before signing for Manchester City in 2011? Atletico Madrid
100%
Agüero was married to a daughter of a former football great. Who was it? Diego Maradona
86%
Agüero became the 5th player to score 5 goals in a league game. Who was it against? Newcastle United
86%
Which player did Agüero overtake in January 2020 as the highest ever overseas scorer in the league? Thierry Henry
86%
Where did Agüero begin his football career? Independiente
71%
Which team did Agüero make his Premier League debut against? Swansea City
71%
How many Premier League hat-tricks has Agüero scored as of February 2020? 12
57%
When did Agüero win the Olympic Gold medal with Argentina? 2008
57%
Agüero took over the number 10 shirt during the summer of 2015. Who wore it before him? Edin Džeko
57%
When was Agüero awarded the Golden Boy award? 2007
43%
In which season did Agüero win the Golden Boot with 26 goals? 2014/15
43%
Agüero scored Manchester City's first competitive goal under Pep Guardiola. Who was it against? Sunderland
43%
Against which team did Agüero score his 200th City goal in August 2018? Chelsea
29%
Agüero became City's all-time top scorer against Napoli in October 2018. Who did he surpass? Eric Brook
29%
How many times has Agüero featured in the Premier League PFA Team of the Year? 2
14%
No matching quizzes found
Score Distribution
Percent of People with Each Score
Percentile by Number Answered
Your Score History
You have not taken this quiz